Busiest airports in Canada - Statistics

General Stats
  • This quiz has been taken 68 times
  • The average score is 13 of 15
Answer Stats
Province City % Correct
Quebec Montreal
100%
Ontario Toronto
100%
British Colombia Vancouver
100%
Alberta Edmonton
98%
Alberta Calgary
96%
Ontario Ottawa
96%
Quebec Quebec City
93%
Manitoba Winnipeg
91%
Nova Scotia Halifax
82%
British Colombia Victoria
82%
Saskatchewan Saskatoon
79%
Saskatchewan Regina
77%
Newfoundland Saint John's
75%
Ontario Thunder Bay
47%
British Colombia Kelowna
39%
No matching quizzes found
Score Distribution
Percent of People with Each Score
Percentile by Number Answered
Your Score History
You have not taken this quiz